| 000 | 01332cam a2200253 4500 | ||
|---|---|---|---|
| 008 | 041116n2003 000 0 eng u | ||
| 020 | _a0727732137 | ||
| 035 | _a(Sirsi) u127976 | ||
| 041 | _aeng | ||
| 050 |
_a690.241 _c18 |
||
| 100 | _aYeomans, David | ||
| 245 | 4 | _aThe repair of historic timber structures | |
| 260 |
_aLondon _bThomas Telford _c2003 |
||
| 300 |
_axiii, 194p. _bill. _c24cm. |
||
| 350 | _a35 | ||
| 520 | _aProvides guidance to those involved in the structural assessment, repair and restoration of historic timber buildings. Focuses on two types of structure; the oak frames of buildings dating from the middle ages, and the timber elements of masonry buildings from the late 17th century. Covers: the materials and carpentry techniques used; the structural behaviour of the timber elements, including loads and stresses; decay and methods of repair; and the process of surveying for repair. Appendices provide timber grades and related diagrams, comparative loads on a pegged tenon, and Hankinson's formula. Bibliography. | ||
| 650 | _aREPAIR METHODS | ||
| 650 | _aBUILDING RESTORATION | ||
| 650 | _aHISTORIC BUILDINGS | ||
| 650 | _aTIMBER FRAME BUILDINGS | ||
| 650 | _aTIMBER STRUCTURES | ||
| 690 | _aBUILT ENVIRONMENT-BUILDING MAINTENANCE AND REFURBISHMENT-BUILDING CONSERVATION | ||
| 942 | _n0 | ||
| 999 |
_c103843 _d103843 |
||